000 00231nam a2200097Ia 4500
008 120527s9999 xx 000 0 und d
100 _aLUCEY, T.
245 _aManagement accounting.
260 _bContinuum &pook power.
942 _cBK
999 _c24163
_d24163